000 00918cam a2200229 4500500
005 20260111075719.0
041 _afre
042 _adc
100 1 0 _aFrançon, Alain
_eauthor
245 0 0 _aEssai randomisé en double insu dans la gonarthrose : la boue noire du Pérou stérilisée par rayon gamma est aussi efficace que la même boue non stérilisée, avec un effet à la fois symptomatique et structural (amélioration du score radiologique) identique
260 _c2021.
500 _a17
690 _abalneology
690 _abalneotherapy
690 _aclimatology
690 _acrenotherapy
690 _ahydrotherapy
690 _amud therapy
690 _aspa-therapy
786 0 _nLa Presse thermale et climatique | 158 | 1 | 2021-04-17 | p. 347f-353f | 0032-7875
856 4 1 _uhttps://stm.cairn.info/revue-la-presse-thermale-et-climatique-2021-1-page-347f?lang=fr&redirect-ssocas=7080
999 _c1615725
_d1615725